| Tag |
First Indicator |
Second Indicator |
Subfields |
| LEADER |
00000cam a2200000 i 4500 |
| 001 |
in00000016047 |
| 005 |
20151007052652.0 |
| 008 |
790502s1917 gw b 00110 ger d |
| 035 |
|
|
|a (OCoLC)04917864
|
| 035 |
|
|
|9 AAA8732AM
|
| 040 |
|
|
|a YUS
|c YUS
|d m/c
|d TXA
|d UtOrBLW
|
| 041 |
0 |
|
|a ger
|a akk
|
| 049 |
|
|
|a TXAM
|c [A11044234]
|
| 050 |
|
4 |
|a PJ3455
|b .Z55 1917
|
| 100 |
1 |
|
|a Zimmern, Heinrich,
|d 1862-1931.
|
| 245 |
1 |
0 |
|a Akkadische Fremdwörter als Beweis für babylonische Kultureinfluss /
|c von Heinrich Zimmern.
|
| 250 |
|
|
|a 2., durch vollständige Wörterverzeichnisse vermehrte Ausg.
|
| 264 |
|
1 |
|a Leipzig :
|b Hinrichs,
|c 1917.
|
| 300 |
|
|
|a 93 pages ;
|c 28 cm.
|
| 336 |
|
|
|a text
|b txt
|2 rdacontent
|
| 337 |
|
|
|a unmediated
|b n
|2 rdamedia
|
| 338 |
|
|
|a volume
|b nc
|2 rdacarrier
|
| 500 |
|
|
|a "S. 1-72 Sonderdruck aus dem Renunziationsprogramm der Philosophischen Fakultät der Universität Leipzig für 1913/14."
|
| 504 |
|
|
|a Includes bibliographical references and indexes.
|
| 650 |
|
0 |
|a Akkadian language
|x Foreign words and phrases.
|
| 999 |
|
|
|a MARS
|
| 999 |
f |
f |
|s 5ebef11d-bfa1-373f-9d92-19558b44248a
|i dc061855-1384-32a2-a958-bccaf4d24e96
|t 0
|
| 952 |
f |
f |
|p ric
|a Texas A&M University
|b Rellis Campus
|c Joint Library Facility
|s JLF
|d Remote Storage
|t 0
|e PJ3455 .Z55 1917
|h Library of Congress classification
|i unmediated -- volume
|m A14811044234
|
| 998 |
f |
f |
|a PJ3455 .Z55 1917
|t 0
|l Remote Storage
|